000
00196 a2200097 4500
020
_a
9780451219039
041
_a
eng
100
_a
Byerrum, Ellen
245
_a
Raiders Of The Lost Corset
942
_c
BK
999
_c
5787
_d
5787